Responses for Show #7691 - Monday, February 5, 2018

Contestants

[<< previous game]

Sean Udicious, an expeditor from Cherry Hill, New Jersey

Lorie Gasior, a license director from Gonzales, Louisiana

Jenny Rhodes, a university literature instructor from New York, New York (whose 1-day cash winnings total $11,899)

[next game >>]

Jeopardy! Round responses

MEMOIRS ON AUDIBLE
NICE JACKET!
THE PERIODIC TABLE
FUN(?) WITH INTERNET COUNTRY CODES
JUST ONE CONSONANT
WEREN'T THOSE COLLEGE KIDS GREAT?
    $200 2
Hillary Clinton

Sean
    $200 1
(Jenny: What is a double blazer?)

double-breasted

JennySean
    $200 5
lead

Jenny
    $200 17
Bolivia

Jenny
    $200 10
ease

Jenny
    $200 12
(Sean: What is Texas? Or [*]?)

the University of Texas

Sean
    $400 3
Bruce Springsteen

Sean
    $400 6
the Masters

Jenny
    $400 18
oxygen

Lorie
    $400 24
Fiji

Lorie
    $400 11
an oaf

Lorie
    $400 13
Phil Mickelson

Sean
    $600 4
Stephen King

Lorie
    $600 7
a straitjacket

Sean
    $1,000 19
copper

Lorie
    $600 25
a hue

Triple Stumper
    $600 14
UCLA

Triple Stumper
    $800 22
Trevor Noah

Sean
    $800 8
a puffer

Jenny
    $800 20
nitrogen

Lorie
    $800 26
koi

Lorie
    $800 15
Katie Ledecky

Sean
    $1000 23
(Alex: And we have less than a minute now.)

Padma Lakshmi

Sean
    $1000 9
Eddie Bauer

Triple Stumper
    $1000 21
the noble gases

Sean
    $1000 27
[The end-of-round signal sounds.]

eon

Lorie
    $1000 16
David Robinson

Sean

Scores at the first commercial break (after clue 15):

Jenny Lorie Sean
$1,400 $1,000 $2,800

Scores at the end of the Jeopardy! Round:

Jenny Lorie Sean
$1,600 $5,400 $6,600

Double Jeopardy! Round responses

LOVE ACTUARILY
HISTORY NEAR & FAR
"R"IVERS
OLD TESTA-MEN
BODY PART PHRASES
WE'LL BACK YOU UP
    $400 19
parents

Sean
    $400 9
Hannibal

Sean
    $400 2
the Rhine

Jenny
    $400 12
Adam

Jenny
    $400 1
put your foot in your mouth

Lorie
    $400 5
Frankie Valli

Sean
    $800 20
prostate cancer

Sean
    $800 10
a communications satellite

Triple Stumper
    $800 18
(Lorie: What is the Yellow River?)

the Red River

LorieSean
    $800 14
(Sean: Who is Moses?)
(Alex: Yes. No, sorry.)

Samson

LorieSean
    $800 3
(Jenny: [*]. ...What is [*]?)

stick your neck out

Jenny
    $800 6
Gloria Estefan

Sean
    $1200 22
sleeping separately (or alone)

Sean
    $1200 15
(Jenny: What is Libya?)
...
(Alex: Remember Idi Amin.)

Uganda

Jenny
Triple Stumper
    $1200 28
the Roosevelt

Sean
    $2,200 21
Noah

Sean
    $1200 4
a no-brainer

Sean
    $1200 7
Bruno Mars

Triple Stumper
    $1600 25
(Lorie: What is heart disease?)
...
(Alex: Less than a minute now.)

the American Heart Association

LorieSean
    $1600 16
Native Americans

Triple Stumper
    $1600 29
the Russian River

Triple Stumper
    $1600 23
Job

Lorie
    $1600 13
elbow grease

Sean
    $1600 8
Elvis Costello

Lorie
    $2000 24
a bereavement

Triple Stumper
    $2000 17
Ptolemy

Triple Stumper
    $2000 30
the Rappahannock

Triple Stumper
    $2000 27
Absalom

Sean
    $2,000 26
the hand of God

Sean
    $2000 11
Tim McGraw

Triple Stumper

Scores at the end of the Double Jeopardy! Round:

Jenny Lorie Sean
$2,000 $7,400 $22,400
(lock game)

[wagering suggestions for these scores]

Final Jeopardy! Round responses

CABLE TV HISTORY
JennyWhat is Univisio?
$111
LorieWhat is the History
$0
SeanWhat is QVC
$2,400
The Weather Channel

Final scores:

Jenny Lorie Sean
$1,889 $7,400 $20,000
3rd place: $1,000 2nd place: $2,000 New champion: $20,000

Game dynamics:

Coryat scores:

Jenny Lorie Sean
$2,000 $7,000 $21,400
8 R,
2 W
12 R
(including 1 DD),
2 W
25 R
(including 2 DDs),
1 W

Combined Coryat: $30,400

[game clues] [game scores] [suggest correction]

Game tape date: 2017-11-08
The J! Archive is created by fans, for fans. Scraping, republication, monetization, and malicious use prohibited; this site may use cookies and collect identifying information. See terms. The Jeopardy! game show and all elements thereof, including but not limited to copyright and trademark thereto, are the property of Jeopardy Productions, Inc. and are protected under law. This website is not affiliated with, sponsored by, or operated by Jeopardy Productions, Inc. Join the discussion at JBoard.tv.